Prasāda kī kavitāem̐. (Record no. 79272)
[ view plain ]
| 000 -LEADER | |
|---|---|
| fixed length control field | 00553cam a22002053 4500 |
| 001 - CONTROL NUMBER | |
| control field | sa 68003151 |
| 003 - CONTROL NUMBER IDENTIFIER | |
| control field | DLC |
| 005 - DATE AND TIME OF LATEST TRANSACTION | |
| control field | 20260227112450.0 |
| 008 - FIXED-LENGTH DATA ELEMENTS--GENERAL INFORMATION | |
| fixed length control field | 070906s1967 xx c 000 0 hin |
| 010 ## - LIBRARY OF CONGRESS CONTROL NUMBER | |
| LC control number | sa 68003151 |
| 040 ## - CATALOGING SOURCE | |
| Original cataloging agency | DLC |
| Transcribing agency | DLC |
| Modifying agency | DLC |
| 050 00 - LIBRARY OF CONGRESS CALL NUMBER | |
| Classification number | PK2098.P7 |
| Item number | Z84 1967 |
| 100 1# - MAIN ENTRY--PERSONAL NAME | |
| Personal name | Pandey, Sudhakar, |
| Dates associated with a name | 1927- |
| 245 10 - TITLE STATEMENT | |
| Title | Prasāda kī kavitāem̐. |
| 260 ## - PUBLICATION, DISTRIBUTION, ETC. | |
| Date of publication, distribution, etc. | [1967] |
| 300 ## - PHYSICAL DESCRIPTION | |
| Extent | 411 p. : |
| Other physical details | port. ; |
| Dimensions | 23 cm. |
| 500 ## - GENERAL NOTE | |
| General note | In Hindi. |
| 500 ## - GENERAL NOTE | |
| General note | Bibliographical footnotes. |
| 600 10 - SUBJECT ADDED ENTRY--PERSONAL NAME | |
| Personal name | Prasad, Jai Shankar, |
| Dates associated with a name | 1889-1937 |
| General subdivision | Poetic works. |
No items available.